000 00930nam a22003017a 4500
001 000747
003 DO-SdBNP
005 20180209121321.0
007 000747
008 161125b 2001 sp a ||||| |||| 00| 0 spa d
020 _a8476299095
040 _aBPMSU
_bspa
_cBPMSU
100 1 _aCarranza, Maite,
_d1958-
245 1 0 _aLa princesa Júlia /
_cMaite Carranza ; ilustraciones de Pep Montserrat.
250 _a4ª ed.
260 _aBarcelona :
_bCruïlla,
_c2001.
300 _a142 p. :
_bil. ;
_c19 cm.
490 1 _aEl vaixell de vapor. Sèrie taronja
_v62
490 1 _aEl vaixell de vapor
_v62
500 _aA partir de 9 años.
500 _aIncluye datos del autor
700 _aMontserrat, Pep
830 0 _aEl vaixell de vapor. Série taronja ;
_v62
830 0 _aEl vaixell de vapor ;
_v62
942 _2ddc
_cBK
945 _aInventariado, 2018/MFF
956 _2LOPEREZ
_310
_620161125
_8BPMSU
_a00041
999 _c12108
_d12108